000 01504cam a22004334i 4500
003 PE-LiUPU
005 20250731173207.0
008 150625s r 000 0 d
035 _a(Sirsi) a31495
040 _aPE-LiUPU
_bspa
_cPE-LiUPU
_erda
082 0 4 _a200.94704
_bB17
_221
100 1 _aBaker, Alonzo L.,
_eautor.
245 1 0 _aReligion in Russia today /
_cAlonzo Baker.
264 1 _aNashville, Tennessee :
_bSouthern Publishing Association,
_c1967.
300 _a141 páginas :
_bilustraciones ;
_c24 cm.
336 _atext
_2rdacontent
337 _aunmediated
_2rdamedia
338 _avolume
_2rdacarrier
504 _aIncluye bibliografía.
505 0 _aMarx Versus God. -Religion comes to Russia. -Religion survives under Stalin. -Current russian religion. -The future of religion in Rusia.
526 _aSEG42
526 _aSEG41
526 _aSEG40
526 _aSEG39
526 _aP94
526 _aP87
526 _aP86
526 _aP85
526 _aP77
526 _aP76
526 _aP35
651 _aRusia
_xReligión.
910 _a
942 _2ddc
_cBOOK
949 _a200.94704 B17
_wDEWEY
_c1
_i09128
_lCCODEBUL1
_mBUL
_p00.00
_r0
_sY
_tBOOK
_u2015-06-25
_xBIBLIOTECA
_zUNKNOWN
_0COMPRA
_o.STAFF. Colección General
596 _a1
999 _a200.94704 B17
_wDEWEY
_c39055
_i09128
_f2021-11-11
_g5
_lCCODEBUL1
_mBUL
_r0
_sY
_tBOOK
_u2015-6-25
_xTEOLOGIA
_zUNKNOWN
_0COMPRA
_o.STAFF. Colección General
_d39055
980 _81
_gALBERTO SANCHEZ Responsable de Automatización